000 00277nam a22001217a 4500
008 190226b xxu||||| |||| 00| 0 eng d
041 _aeng
080 _a573
100 _a11
101 _aBIO
245 _aThe World You Never See Underwater Life
_cParks,P
942 _2udc
_cBK
999 _c54290
_d54290